Practitioner Research and Professional Development in Education (Record no. 4507)
[ view plain ]
| 000 -LEADER | |
|---|---|
| fixed length control field | 01438cam a22002294a 4500 |
| 005 - ΗΜΕΡΟΜΗΝΙΑ ΚΑΙ ΩΡΑ ΤΕΛΕΥΤΑΙΑΣ ΕΝΗΜΕΡΩΣΗΣ | |
| Πεδίο ελέγχου | 20250605164147.0 |
| 008 - FIXED-LENGTH DATA ELEMENTS--GENERAL INFORMATION | |
| Πεδίο ελέγχου σταθερού μήκους | 250528s ||||||||||||||||||||||||d |
| 035 ## - SYSTEM CONTROL NUMBER | |
| System control number | 19241 |
| 020 ## - ISBN | |
| ISBN | 761974687 |
| 040 ## - ΠΗΓΗ ΚΑΤΑΛΟΓΟΓΡΑΦΗΣΗΣ | |
| Φορέας πρωτότυπης καταλογογράφησης | MC Athens Campus Library |
| Γλώσσα καταλογογράφησης | Ελληνικά, Μοντέρνα (1453-) |
| Modifying agency | MC Athens Campus Library |
| Κανόνες περιγραφικής καταλογογράφησης | AACR2 |
| 245 1# - ΤΙΤΛΟΣ ΚΑΙ ΔΗΛΩΣΗ ΥΠΕΥΘΥΝΟΤΗΤΑΣ | |
| Τίτλος | Practitioner Research and Professional Development in Education |
| 250 ## - EDITION STATEMENT | |
| Edition statement | 1st |
| 260 ## - PUBLICATION, DISTRIBUTION, ETC. | |
| Name of publisher, distributor, etc. | Paul Chapman Publishing, |
| Date of publication, distribution, etc. | 2004 |
| 300 ## - PHYSICAL DESCRIPTION | |
| Extent | 226 |
| 520 ## - SUMMARY, ETC. | |
| Summary, etc. | This book draws directly on the work of Teachers and other Professional Trainers concerned with continuing Professional Development. It promotes action research for practitioners in order to develop qualities of critical appraisal and analysis of practice, appropriate to professional contexts. Research Traditions in Education, Researching Professional Development, Professional Identity: Who am I? What Kind of Practitioner am I? Identifying an Area for Research, Finding, Reviewing and Managing Literature, Which Research Techniques to Use? Critical Friendship, Critical Community and Collaboration, Qualitative Data Analysis, Quantitative Data Management, Analysis and Presentation of Questionnaire Surveys, Writing up, Reporting and Publishing your Research, Evaluating and Disseminating Research, Resources for Research, References, Index. |
| 700 1# - ΠΡΟΣΘΕΤΗ ΑΝΑΓΡΑΦΗ--ΦΥΣΙΚΟ ΠΡΟΣΩΠΟ | |
| Personal name | Campbell Anne |
| 9 (RLIN) | 5477 |
| 700 1# - ΠΡΟΣΘΕΤΗ ΑΝΑΓΡΑΦΗ--ΦΥΣΙΚΟ ΠΡΟΣΩΠΟ | |
| Personal name | Gilroy Peter |
| 9 (RLIN) | 5478 |
| 700 1# - ΠΡΟΣΘΕΤΗ ΑΝΑΓΡΑΦΗ--ΦΥΣΙΚΟ ΠΡΟΣΩΠΟ | |
| Personal name | Mcnamara Olwen |
| 9 (RLIN) | 5479 |
| 942 ## - ADDED ENTRY ELEMENTS (KOHA) | |
| Koha item type | Books |
| Τύπος τεκμηρίου | Βιβλιοθήκη | Τρέχουσα τοποθεσία | Barcode | Αριθμός εισαγωγής | Ημερομηνία απόκτησης | Ταξιθετικό σύμβολο | Αριθμός αντιτύπου | Κατάσταση απόσυρσης | Κατάσταση χαμένου | Κατάσταση κατεστραμμένου | Μη δανεισμός | Σύνολο δανεισμών | Ημερομηνία τελευταίας εμφάνισης | Η τιμή ισχύει από |
|---|---|---|---|---|---|---|---|---|---|---|---|---|---|---|
| Books | MC Athens Campus Library | MC Athens Campus Library | 9780000045065 | 5231 | 05/06/2025 | 374.013072 CAM | 1 | 05/06/2025 | 05/06/2025 |